<?xml version="1.0" encoding="UTF-8"?>
<record
    xmlns:xsi="http://www.w3.org/2001/XMLSchema-instance"
    xsi:schemaLocation="http://www.loc.gov/MARC21/slim http://www.loc.gov/standards/marcxml/schema/MARC21slim.xsd"
    xmlns="http://www.loc.gov/MARC21/slim">

  <leader>03481nam a2200577Ia 4500</leader>
  <controlfield tag="001">292</controlfield>
  <controlfield tag="008">241029s9999    xx            000 0 und d</controlfield>
  <datafield tag="010" ind1=" " ind2=" ">
    <subfield code="a">260</subfield>
  </datafield>
  <datafield tag="041" ind1=" " ind2=" ">
    <subfield code="a">Espa&#xF1;ol</subfield>
  </datafield>
  <datafield tag="082" ind1=" " ind2=" ">
    <subfield code="a">TMLA12-0014BFEM</subfield>
  </datafield>
  <datafield tag="245" ind1=" " ind2="0">
    <subfield code="a">Competencia lectora en los estudiantes del 5to. Grado del Nivel B&#xE1;sico de la Escuela Sabana Toro, en el per&#xED;odo 2011-2012.</subfield>
  </datafield>
  <datafield tag="260" ind1=" " ind2=" ">
    <subfield code="a">Santo Domingo</subfield>
  </datafield>
  <datafield tag="300" ind1=" " ind2=" ">
    <subfield code="a">118</subfield>
  </datafield>
  <datafield tag="520" ind1=" " ind2=" ">
    <subfield code="a">30</subfield>
  </datafield>
  <datafield tag="630" ind1=" " ind2=" ">
    <subfield code="a">Aprendizaje</subfield>
  </datafield>
  <datafield tag="630" ind1=" " ind2=" ">
    <subfield code="a">Comprensi&#xF3;n Lectora</subfield>
  </datafield>
  <datafield tag="630" ind1=" " ind2=" ">
    <subfield code="a">Ense&#xF1;anza</subfield>
  </datafield>
  <datafield tag="630" ind1=" " ind2=" ">
    <subfield code="a">Estrategia</subfield>
  </datafield>
  <datafield tag="630" ind1=" " ind2=" ">
    <subfield code="a">Estudiantes</subfield>
  </datafield>
  <datafield tag="650" ind1=" " ind2=" ">
    <subfield code="a">Lengua Espa&#xF1;ola</subfield>
  </datafield>
  <datafield tag="690" ind1=" " ind2=" ">
    <subfield code="a">Elaborado</subfield>
  </datafield>
  <datafield tag="700" ind1=" " ind2=" ">
    <subfield code="e">asesor</subfield>
    <subfield code="a">Garc&#xED;a R., Remigio</subfield>
  </datafield>
  <datafield tag="700" ind1=" " ind2=" ">
    <subfield code="e">autor</subfield>
    <subfield code="a">Dipr&#xE9; Ram&#xED;rez , Silvia Villanet </subfield>
  </datafield>
  <datafield tag="700" ind1=" " ind2=" ">
    <subfield code="e">autor</subfield>
    <subfield code="a">Dipr&#xE9; Ram&#xED;rez , &#xC3;&#x81;ngela Jonasa</subfield>
  </datafield>
  <datafield tag="901" ind1=" " ind2=" ">
    <subfield code="a">{"1":"Dipr&#xE9; Ram&#xED;rez ","2":"Dipr&#xE9; Ram&#xED;rez "}</subfield>
    <subfield code="b">{"1":"Silvia Villanet ","2":"&#xC3;&#x81;ngela Jonasa"}</subfield>
  </datafield>
  <datafield tag="902" ind1=" " ind2=" ">
    <subfield code="a">1</subfield>
  </datafield>
  <datafield tag="903" ind1=" " ind2=" ">
    <subfield code="a">{"1":"Garc&#xED;a R."}</subfield>
    <subfield code="b">{"1":"Remigio"}</subfield>
  </datafield>
  <datafield tag="904" ind1=" " ind2=" ">
    <subfield code="a">Maestr&#xED;a en</subfield>
  </datafield>
  <datafield tag="905" ind1=" " ind2=" ">
    <subfield code="a">Ling&#xFC;&#xED;stica</subfield>
  </datafield>
  <datafield tag="906" ind1=" " ind2=" ">
    <subfield code="a">1</subfield>
  </datafield>
  <datafield tag="907" ind1=" " ind2=" ">
    <subfield code="a">Orientada en</subfield>
  </datafield>
  <datafield tag="908" ind1=" " ind2=" ">
    <subfield code="a">Ense&#xF1;anza de la Lengua Espa&#xF1;ola</subfield>
  </datafield>
  <datafield tag="909" ind1=" " ind2=" ">
    <subfield code="a">ISFODOSU, Recinto F&#xE9;lix Evaristo Mej&#xED;a</subfield>
  </datafield>
  <datafield tag="910" ind1=" " ind2=" ">
    <subfield code="a">NULL</subfield>
    <subfield code="b">NULL</subfield>
  </datafield>
  <datafield tag="911" ind1=" " ind2=" ">
    <subfield code="a">["1"]</subfield>
  </datafield>
  <datafield tag="912" ind1=" " ind2=" ">
    <subfield code="a">NO APLICA</subfield>
  </datafield>
  <datafield tag="913" ind1=" " ind2=" ">
    <subfield code="a">NULL</subfield>
  </datafield>
  <datafield tag="914" ind1=" " ind2=" ">
    <subfield code="a">02 de Abril de 2012</subfield>
  </datafield>
  <datafield tag="915" ind1=" " ind2=" ">
    <subfield code="a">19/11/19 05:11</subfield>
  </datafield>
  <datafield tag="916" ind1=" " ind2=" ">
    <subfield code="a">NULL</subfield>
  </datafield>
  <datafield tag="917" ind1=" " ind2=" ">
    <subfield code="a">NULL</subfield>
  </datafield>
  <datafield tag="918" ind1=" " ind2=" ">
    <subfield code="a">NO APLICA</subfield>
  </datafield>
  <datafield tag="919" ind1=" " ind2=" ">
    <subfield code="a">["18","43","202","92","96"]</subfield>
  </datafield>
  <datafield tag="520" ind1=" " ind2=" ">
    <subfield code="a">Los principales objetivos de este estudio consistieron en determinar el nivel de comprensi&#xF3;n lectora de los estudiantes del 5to. Grado del Nivel B&#xE1;sico de la Escuela Sabana Toro, Provincia San Crist&#xF3;bal, per&#xED;odo 2011-2012. Adem&#xE1;s, determinar las estrategias de lectura que los docentes emplean con mayor frecuencia.&#xA0;La metodolog&#xED;a utilizada fue de corte cuantitativo-cualitativo, los m&#xE9;todos aplicados en esta investigaci&#xF3;n fue el deductivo. Las t&#xE9;cnicas empleadas fueron la observaci&#xF3;n y la entrevista; la poblaci&#xF3;n de esta investigaci&#xF3;n est&#xE1; conformada por la totalidad de los alumnos de 5to. Grado de la Escuela Sabana Toro de la Ciudad de San Crist&#xF3;bal, los cuales ascienden a ciento veinticuatro (124) alumnos y a cinco (5) docentes que imparten Lengua Espa&#xF1;ola en este Grado y para muestra se eligi&#xF3; el 50% de los estudiantes y el 100% de los docentes.El estudio concluye, que el porcentaje de comprensi&#xF3;n lectora en los estudiantes del 5to. Grado del Nivel B&#xE1;sico de la Escuela Sabana Toro en el per&#xED;odo 2011-2012 es muy bajo en cada uno de sus niveles como, el an&#xE1;lisis de la comprensi&#xF3;n literal, comprensi&#xF3;n inferencial y cr&#xED;tico. Se evidenci&#xF3; muy poca motivaci&#xF3;n hacia la actividad lectora por parte de los alumnos. Existen graves deficiencias en la implementaci&#xF3;n de estrategias en cada momento de la lectura, y solo el 20% del personal docente implementa estrategias para levantar la motivaci&#xF3;n, estrategias preliminar del texto y actividades de los alumnos y las alumnas.El estudio recomienda cursos de entrenamiento sobre lectura acad&#xE9;mica, a fin de que los docentes se actualicen en el manejo de los momentos de la lectura y los niveles estructurales del texto y aprendan las estrategias de comprensi&#xF3;n que luego podr&#xED;an aplicar a los proceso de ense&#xF1;anza. Adem&#xE1;s de cursos de entrenamiento, sobre Did&#xE1;ctica de la Ense&#xF1;anza de la Lengua Materna. &#xA0;</subfield>
  </datafield>
  <datafield tag="921" ind1=" " ind2=" ">
    <subfield code="a">16</subfield>
  </datafield>
  <datafield tag="922" ind1=" " ind2=" ">
    <subfield code="a">16</subfield>
  </datafield>
  <datafield tag="923" ind1=" " ind2=" ">
    <subfield code="a">0</subfield>
  </datafield>
  <datafield tag="924" ind1=" " ind2=" ">
    <subfield code="a">NO APLICA</subfield>
  </datafield>
  <datafield tag="942" ind1=" " ind2=" ">
    <subfield code="c">Tesis</subfield>
  </datafield>
  <datafield tag="999" ind1=" " ind2=" ">
    <subfield code="c">260</subfield>
    <subfield code="d">260</subfield>
  </datafield>
</record>
